| 000 | 00619nam a2200205Ia 4500 | ||
|---|---|---|---|
| 008 | 191130s2009##################000#0#eng## | ||
| 020 | _a9780230220485 | ||
| 040 |
_aACL _cACL |
||
| 082 | _a332.10941 JAN | ||
| 100 | _aJanssen, Sven | ||
| 245 |
_aBritish and German banking strategies _csven Janssen |
||
| 260 |
_aNew York _bPalgrave Macmillan _c2009 |
||
| 300 | _axiv ,291 p. : ill; 23c.m | ||
| 500 | _aInclude Bibliography and Index ( P.287-291) | ||
| 650 | _aBanks and banking | ||
| 650 | _aHistorical of Banking Sector | ||
| 990 | _a37dd56c0ac10000c363def3377ebe39b | ||
| 991 | _a153768 | ||
| 999 |
_c119971 _d119971 |
||